Matemàtiques 2 : cicle superior : educació primària
Gespeichert in:
| 1. Verfasser: | |
|---|---|
| Format: | Buch |
| Sprache: | Katalanisch |
| Erschienen: |
Barcelona :
Barcanova,
1999-
|
| Ausgabe: | 2a ed. |
| Katalog: | MANES: Suchergebnis im Bibliothekskatalog |
| Schulbuchspezifische Eigenschaften: |
|
| Schriftenreihe: | + a prop
|
| Tags: |
Tag hinzufügen
Keine Tags, Fügen Sie den ersten Tag hinzu!
|
| Hinzugefügt zu: | 27.10.2003 |
| Geändert in: | 07.05.2025 |
MARC
| LEADER | 00000nam a2200000 a 4500 | ||
|---|---|---|---|
| 001 | .b2396546 | ||
| 003 | ES-BaCBU | ||
| 005 | 20250507130135.0 | ||
| 008 | 031028s1999 spca b| 000 ||cat|c | ||
| 017 | |a DL B. 20617-1999 ([Llibre de text] 2) | ||
| 020 | |a 844890401X ([Llibre de text] 2) | ||
| 035 | |a 844890401X |9 ES-BaUB001 |a 0785-71560 |9 ES-BaUB035 | ||
| 040 | |a ES-BaUB |b cat |c ES-BaUB | ||
| 100 | 1 | |a Burgués Flamarich, Carme |9 32789 | |
| 245 | 1 | 0 | |a Matemàtiques 2 : |b cicle superior : educació primària / |c Carme Burgués |
| 250 | |a 2a ed. | ||
| 260 | |a Barcelona : |b Barcanova, |c 1999- | ||
| 300 | |a vol. (199 p.): |b il. col. | ||
| 505 | 8 | |a Conté: Llibre de text | |
| 546 | |a España | ||
| 561 | |5 es-CRAI |3 p1 TX EP 9/6 BAR |a España. Biblioteca Universitat de Barcelona |k MANES | ||
| 690 | 0 | |a MATE | |
| 691 | 0 | |a PRI | |
| 830 | 0 | |a + a prop |9 32917 | |
| 856 | |y Registro en Cercabib - CRAI | ||
| 942 | |2 ddc |c BK | ||
| 999 | |c 89712 |d 89712 | ||
| 999 | |c manes:89712 |d 89712 | ||